| 000 | 00808nam a2200229 i 4500 | ||
|---|---|---|---|
| 001 | 98353 | ||
| 003 | ES-MaACL | ||
| 005 | 20230906182252.0 | ||
| 007 | t| | ||
| 008 | 050728s1958 sp ||||1| spa d | ||
| 100 | 1 |
_aMartín Martínez, Isidoro. _977559 |
|
| 245 | 1 | 4 |
_aLas universidades de la Iglesia : _bsu fundamento y oportunidad : el problema de su creación en España / _cIsidoro Martín, Lamberto de Echeverría. |
| 260 |
_aMadrid : _bEuramérica, _c1958. |
||
| 300 |
_a100 p. ; _c18 cm. |
||
| 490 | 1 |
_aCuadernos del C.E.U. ; _v3 |
|
| 650 | 4 |
_aUniversidades católicas. _9173211 |
|
| 650 | 4 |
_aEnseñanza superior- _zEspaña- _yS.XX. _912320 |
|
| 700 | 1 |
_aEcheverría, Lamberto de. _946577 |
|
| 830 | 1 |
_aCuadernos del C.E.U. ; _v3 _9184967 |
|
| 852 |
_aES-MaACL _jC-17508 |
||
| 999 |
_c98353 _d98353 |
||